| 000 | 01005nam a22002657a 4500 | ||
|---|---|---|---|
| 999 |
_c63877 _d63877 |
||
| 005 | 20240530110703.0 | ||
| 008 | 171225s2015 ua a g b 000 0dara d | ||
| 017 |
_a2015/22090 _bمصر. دار الكتب |
||
| 020 | _a9789779105376 | ||
| 040 |
_aEG-CaGPL _cEG-CaGPL |
||
| 082 | 0 | 4 |
_221 _a371.207\ _bإ ت |
| 100 | 0 | _aالهام عبدالحميد | |
| 245 | 1 | 2 |
_aالتعليم والثورة : _bالواقع والتغيير الممكن / _cالهام عبدالحميد . |
| 250 | _aط.1 | ||
| 260 |
_aالقاهرة : _bالهيئة المصرية العامة للكتاب ، _c2015 . |
||
| 300 |
_a262 ص. ؛ _c20 سم. |
||
| 504 | _aببليوجرافية : ص 253 - 262 | ||
| 650 | 0 | 7 |
_2qrmak _aالمواطنة |
| 650 | 0 | 7 |
_2qrmak _aالتعليم _xتاريخ _yثورة 25 يناير |
| 650 | 0 | 7 |
_2qrmak _aالتعليم _xتطوير |
| 650 | 0 | 7 |
_2qrmak _aالاصلاح الاجتماعى |
| 651 | _2qrmak | ||
| 942 |
_2ddc _cBK |
||